Agrobiodiversidad: alimentación, semillas, patentes. Derechos de propiedad intelectual sobre lo vivo y el mejoramiento de especies agrícolas
Uloženo v:
| Médium: | Kniha |
|---|---|
| Jazyk: | španělština |
| Vydáno: |
Santiago
Aún Creemos en los Sueños
2011
|
| Edice: | Le Monde Diplomatique, 104
|
| Témata: | |
| Tagy: |
Přidat tag
Žádné tagy, Buďte první, kdo vytvoří štítek k tomuto záznamu!
|
MARC
| LEADER | 00000nam a2200000 a 4500 | ||
|---|---|---|---|
| 001 | UCG6945 | ||
| 003 | CL-VaPUC | ||
| 008 | 110602e20110000CL |||||||||||||||||spa|d | ||
| 020 | |a 9789563400113 | ||
| 082 | 0 | 4 | |a 341.7 |b AGR |2 21 |
| 245 | 1 | 0 | |a Agrobiodiversidad: alimentación, semillas, patentes. Derechos de propiedad intelectual sobre lo vivo y el mejoramiento de especies agrícolas |
| 300 | |a 62 p | ||
| 942 | |c BK | ||
| 945 | |d 20110602 00:00:00 |a dcastane | ||
| 260 | |a Santiago |b Aún Creemos en los Sueños |c 2011 | ||
| 650 | 0 | |a Propiedad intelectual |9 256126 | |
| 650 | 0 | |a Biodiversidad |9 385995 | |
| 650 | 0 | |a Tratados internacionales |9 256056 | |
| 650 | 0 | |a Derecho de propiedad intelectual |9 382240 | |
| 650 | 0 | |a Semillas |9 264396 | |
| 583 | |a last modification |c 20110602 00:00:00 |k Rodrigo Vera | ||
| 490 | 0 | |a Le Monde Diplomatique, 104 | |
| 999 | |c 345052 |d 345050 | ||
| 952 | |0 0 |1 0 |4 0 |6 341_700000000000000_AGR_2011 |7 0 |8 A |9 443478 |a BIBAGR |b BIBAGR |d 2019-11-22 |i 4780973 |o 341.7 AGR 2011 |p 4780973 |r 2025-01-20 |w 2019-11-22 |y BK |k AGR | ||
| 952 | |0 0 |1 0 |4 0 |6 341_700000000000000_AGR_2011 |7 0 |8 A |9 443479 |a BIBAGR |b BIBAGR |d 2019-11-22 |i 4780965 |o 341.7 AGR 2011 |p 4780965 |r 2025-01-20 |w 2019-11-22 |y BK |k AGR | ||
| 952 | |0 0 |1 0 |4 0 |6 341_700000000000000_AGR_2011 |7 0 |8 A |9 443480 |a BIBAGR |b BIBAGR |d 2019-11-22 |i 4780957 |o 341.7 AGR 2011 |p 4780957 |r 2025-01-20 |w 2019-11-22 |y BK |k AGR | ||